[Event "Box Hill op"]
[Site "Box Hill"]
[Date "2001.10.12"]
[Round "6.10"]
[White "Butler, John M"]
[Black "Ali, Mosaddeque"]
[Result "0-1"]
[WhiteElo "1549"]
[BlackElo "1801"]
[PlyCount "40"]
[EventDate "2001.09.??"]
[EventType "swiss"]
[EventRounds "7"]
[EventCountry "AUS"]
[SourceTitle "EXT 2003"]
[Source "ChessBase"]
[SourceDate "2002.11.25"]
[SourceVersion "1"]
[SourceVersionDate "2002.11.25"]
[SourceQuality "1"]

1. d4 f5 2. e4 fxe4 3. Nc3 Nf6 4. Bg5 Nc6 5. Bc4 e5 6. Bxf6 Qxf6 7. Nd5 Qg6 8. Ne2 Bd6 9. 0-0 b5 10. Bb3 Bb7 11. Ne3 0-0-0 12. c3 exd4 13. cxd4 h5 14. Rc1 h4 15. h3 Rdf8 16. Qd2 Rh5 17. Bd1 Rg5 18. a3 Nb4 19. axb4 Rxg2+ 20. Nxg2 e3 0-1

[Event "Box Hill op"]
[Site "Box Hill"]
[Date "2001.10.05"]
[Round "5.16"]
[White "Butler, John M"]
[Black "Holt, Kenneth P"]
[Result "1-0"]
[WhiteElo "1549"]
[BlackElo "1784"]
[PlyCount "61"]
[EventDate "2001.09.??"]
[EventType "swiss"]
[EventRounds "7"]
[EventCountry "AUS"]
[SourceTitle "EXT 2003"]
[Source "ChessBase"]
[SourceDate "2002.11.25"]
[SourceVersion "1"]
[SourceVersionDate "2002.11.25"]
[SourceQuality "1"]

1. e4 c6 2. d4 d5 3. e5 Bf5 4. Nf3 e6 5. Bd3 Bg6 6. Bf4 c5 7. c3 Nc6 8. h4 Bh5 9. Be3 cxd4 10. cxd4 Bb4+ 11. Nc3 Nge7 12. a3 Ba5 13. Rg1 Bg6 14. g4 a6 15. h5 Bxd3 16. Qxd3 Na7 17. h6 g6 18. Bg5 Qc7 19. Ke2 Ng8 20. Rac1 Nc6 21. b4 Bb6 22. b5 axb5 23. Nxb5 Qd7 24. Nd6+ Kf8 25. Rb1 Ra6 26. Rb2 f6 27. Rgb1 fxe5 28. dxe5 Nxe5 29. Nxe5 Qxd6 30. Qf3+ Ke8 31. Qf7# 1-0

[Event "Box Hill op"]
[Site "Box Hill"]
[Date "2001.09.28"]
[Round "4.10"]
[White "Cantos, Andrew"]
[Black "Butler, John M"]
[Result "1/2-1/2"]
[WhiteElo "1864"]
[BlackElo "1549"]
[PlyCount "72"]
[EventDate "2001.09.??"]
[EventType "swiss"]
[EventRounds "7"]
[EventCountry "AUS"]
[SourceTitle "EXT 2003"]
[Source "ChessBase"]
[SourceDate "2002.11.25"]
[SourceVersion "1"]
[SourceVersionDate "2002.11.25"]
[SourceQuality "1"]

1. d4 Nf6 2. c4 e6 3. Nf3 d5 4. Nc3 Nbd7 5. Bg5 c6 6. e3 Qa5 7. Bxf6 Nxf6 8. Nd2 Bb4 9. Qc2 0-0 10. Be2 Bd7 11. 0-0 Bxc3 12. bxc3 Qc7 13. cxd5 cxd5 14. c4 dxc4 15. Qxc4 Qxc4 16. Bxc4 Bc6 17. Be2 Rfd8 18. Bf3 Bxf3 19. Nxf3 Rac8 20. Rfc1 h6 21. Kf1 Ne4 22. Ke2 f6 23. Nd2 Nxd2 24. Kxd2 Rxc1 25. Rxc1 Rd7 26. f4 e5 27. fxe5 fxe5 28. Kd3 exd4 29. exd4 Kf7 30. Rc2 Ke7 31. Ke4 Ke6 32. Rc5 Kf6 33. d5 Re7+ 34. Kd3 Ke5 35. Rb5 Rc7 36. h3 Rd7 1/2-1/2

[Event "Box Hill CC-ch"]
[Site "Box Hill"]
[Date "2000.06.30"]
[Round "9.9"]
[White "Zivanovic, Rados"]
[Black "Butler, John M"]
[Result "1-0"]
[WhiteElo "1739"]
[BlackElo "1564"]
[PlyCount "53"]
[EventDate "2000.??.??"]
[EventType "swiss"]
[EventRounds "9"]
[EventCountry "AUS"]
[SourceTitle "EXT 2003"]
[Source "ChessBase"]
[SourceDate "2002.11.25"]
[SourceVersion "1"]
[SourceVersionDate "2002.11.25"]
[SourceQuality "1"]

1. d4 Nf6 2. Nf3 g6 3. c4 Bg7 4. Nc3 0-0 5. e4 d6 6. Be2 e5 7. dxe5 dxe5 8. Qxd8 Rxd8 9. Nd5 Nxd5 10. cxd5 Nd7 11. Be3 Nf6 12. Nd2 Ng4 13. Bxg4 Bxg4 14. Rc1 Rdc8 15. Nc4 Bf8 16. Nxe5 Bb4+ 17. Kf1 f5 18. h3 Bd6 19. Nxg4 fxg4 20. hxg4 Be5 21. b3 a5 22. f3 a4 23. b4 a3 24. Kf2 Ra4 25. Bd2 Bd4+ 26. Kg3 Ra6 27. f4 1-0

[Event "Box Hill CC-ch"]
[Site "Box Hill"]
[Date "2000.06.02"]
[Round "5.9"]
[White "Flude, David A"]
[Black "Butler, John M"]
[Result "1-0"]
[WhiteElo "1789"]
[BlackElo "1564"]
[PlyCount "69"]
[EventDate "2000.??.??"]
[EventType "swiss"]
[EventRounds "9"]
[EventCountry "AUS"]
[SourceTitle "EXT 2003"]
[Source "ChessBase"]
[SourceDate "2002.11.25"]
[SourceVersion "1"]
[SourceVersionDate "2002.11.25"]
[SourceQuality "1"]

1. d4 Nf6 2. Nc3 g6 3. e4 d6 4. f4 Bg7 5. Bd3 0-0 6. Nf3 Bg4 7. h3 Bxf3 8. Qxf3 Nc6 9. Be3 e5 10. dxe5 dxe5 11. 0-0-0 Qe7 12. f5 Rad8 13. g4 Nd4 14. Qg2 h6 15. fxg6 fxg6 16. g5 hxg5 17. Bc4+ Ne6 18. Bxg5 c6 19. Qg3 b5 20. Bb3 b4 21. Na4 Rde8 22. Qh4 c5 23. Rd5 c4 24. Bxc4 Qc7 25. Rc5 Qd7 26. Bb3 Qd4 27. Re1 Rf7 28. Rc4 Qd7 29. Nc5 Nxc5 30. Rxc5 Qd6 31. Bxf6 Bxf6 32. Bxf7+ Kxf7 33. Qh7+ Ke6 34. Rd5 Qe7 35. Qxg6 1-0

[Event "Box Hill CC-ch"]
[Site "Box Hill"]
[Date "2000.05.26"]
[Round "4.17"]
[White "Butler, John M"]
[Black "Lee, Melissa"]
[Result "1-0"]
[WhiteElo "1564"]
[BlackElo "1122"]
[PlyCount "117"]
[EventDate "2000.??.??"]
[EventType "swiss"]
[EventRounds "9"]
[EventCountry "AUS"]
[SourceTitle "EXT 2003"]
[Source "ChessBase"]
[SourceDate "2002.11.25"]
[SourceVersion "1"]
[SourceVersionDate "2002.11.25"]
[SourceQuality "1"]

1. d4 d5 2. c4 e6 3. Nc3 Nf6 4. Bg5 Be7 5. Nf3 h6 6. Bh4 Nc6 7. e3 Ne4 8. Bxe7 Qxe7 9. cxd5 Nxc3 10. bxc3 exd5 11. Bd3 Qf6 12. Rb1 b6 13. c4 dxc4 14. Bxc4 Bg4 15. Be2 Rd8 16. h3 Bh5 17. 0-0 0-0 18. Qa4 a5 19. Rbc1 Rd6 20. Rfd1 Rfd8 21. Qb5 Bxf3 22. Bxf3 Nb4 23. Rd2 Qh4 24. Rxc7 Rg6 25. Qf5 Rf6 26. Qg4 Qxg4 27. Bxg4 Nd5 28. Rb7 Nc3 29. Rc2 Ne4 30. Rb2 Rdd6 31. Bd1 Rc6 32. Rb8+ Kh7 33. Bc2 Rxc2 34. Rxc2 Rg6 35. Rb7 f5 36. Rb2 Ng5 37. Kf1 Ne4 38. R2xb6 Rxb6 39. Rxb6 Nd2+ 40. Ke2 Ne4 41. a3 g5 42. f3 Nc3+ 43. Kd2 Nd5 44. Rb5 Ne7 45. Rb7 Kg6 46. Rxe7 Kf6 47. Ra7 Ke6 48. Rxa5 f4 49. e4 Kd6 50. Rc5 Ke6 51. a4 Kd6 52. a5 Ke6 53. a6 Kd6 54. a7 Ke6 55. a8Q Kd6 56. Qd5+ Ke7 57. Rc7+ Ke8 58. Qf7+ Kd8 59. Qd7# 1-0